Hogy is van ez?
Elmentve itt :
| Szerző: | |
|---|---|
| Dokumentumtípus: | Cikk |
| Megjelent: |
1982
|
| Sorozat: | Gondolat-jel
|
| Kulcsszavak: | Társadalomtudomány |
| Online Access: | http://acta.bibl.u-szeged.hu/11238 |
| LEADER | 00561nab a2200181 i 4500 | ||
|---|---|---|---|
| 001 | acta11238 | ||
| 005 | 20210707135102.0 | ||
| 008 | 161015s1982 hu o 0|| hun d | ||
| 022 | |a 1216-8033 | ||
| 040 | |a SZTE Egyetemi Kiadványok Repozitórium |b hun | ||
| 041 | |a hun | ||
| 100 | 1 | |a Szajkó Attila | |
| 245 | 1 | 0 | |a Hogy is van ez? |h [elektronikus dokumentum] / |c Szajkó Attila |
| 260 | |c 1982 | ||
| 300 | |a 13-14 | ||
| 490 | 0 | |a Gondolat-jel | |
| 695 | |a Társadalomtudomány | ||
| 856 | 4 | 0 | |u http://acta.bibl.u-szeged.hu/11238/1/gondolatjel_1982_4_013-014.pdf |z Dokumentum-elérés |